Paroles "Klem" Klem Schen - Statistiques

Statistiques générales
  • Ce quiz a été pris 24 fois
  • Le résultat moyen est 191 sur 399
Statistiques - réponses
Réponse % Correct
je
88%
à
82%
dans
76%
de
76%
et
76%
Et
76%
l'
76%
la
76%
76%
La
76%
le
76%
ce
71%
des
71%
Des
71%
du
71%
est
71%
me
71%
pas
71%
Peut
71%
peut
71%
ai
65%
ça
65%
être
65%
J'ai
65%
j'ai
65%
mes
65%
Mes
65%
mon
65%
pour
65%
se
65%
tout
65%
Tout
65%
un
65%
coupe
59%
douleurs
59%
écoute
59%
écouteurs
59%
en
59%
En
59%
j'en
59%
j'me
59%
J'me
59%
j'met
59%
j'mets
59%
j'suis
59%
l'ombre
59%
ma
59%
m'a
59%
monde
59%
plus
59%
que
59%
tu
59%
Une
59%
une
59%
bon
53%
c'est
53%
elle
53%
Elle
53%
grosses
53%
mais
53%
Mais
53%
marre
53%
moi
53%
mort
53%
par
53%
peur
53%
putain
53%
pute
53%
qui
53%
rien
53%
sens
53%
tête
53%
vendu
53%
vivre
53%
bouteille
47%
comprend
47%
cramés
47%
différent
47%
d'la
47%
d'partir
47%
envie
47%
fait
47%
j'serais
47%
Klem
47%
mieux
47%
passé
47%
perdre
47%
pourquoi
47%
Sentiments
47%
si
47%
sur
47%
tente
47%
tombe
47%
vie
47%
arrêter
41%
comme
41%
crois
41%
hante
41%
J'vois
41%
j'y
41%
meilleur
41%
même
41%
merde
41%
ouais
41%
s'répète
41%
tant
41%
tâte
41%
tire
41%
trop
41%
amour
35%
banc
35%
cachées
35%
car
35%
d'herbe
35%
dix
35%
Eh
35%
eh
35%
grave
35%
guérir
35%
j'bois
35%
joint
35%
mal
35%
Maman
35%
mauvais
35%
pire
35%
revendre
35%
savais
35%
sept
35%
serai-je
35%
sons
35%
vécu
35%
ya
35%
amère
29%
au
29%
cale
29%
déçu
29%
d'jà
29%
guerre
29%
humeur
29%
j'écris
29%
mauvaise
29%
parce
29%
r'tourné
29%
teh
29%
amis
24%
barettes
24%
blessures
24%
bonheur
24%
cas
24%
faire
24%
fumé
24%
Hey
24%
hey
24%
jamais
24%
j'déclare
24%
J'lui
24%
l'flou
24%
m'demande
24%
naissance
24%
noyades
24%
perds
24%
personne
24%
réveille
24%
rongée
24%
s'aggrave
24%
s'attache
24%
temps
24%
crever
18%
déçois
18%
d'une
18%
fauche
18%
gens
18%
j'enterre
18%
j'fais
18%
J'fais
18%
j'la
18%
j'm'accroche
18%
j'oublie
18%
J'tourne
18%
l'blues
18%
main
18%
m'blase
18%
pavés
18%
petits
18%
regretté
18%
répond
18%
rond
18%
sais
18%
salope
18%
sang
18%
seul
18%
simple
18%
toute
18%
vaincu
18%
bonne
12%
Ceux
12%
flash
12%
haine
12%
penser
12%
quand
12%
qu'ça
12%
aucune
6%
Bah
6%
baise
6%
blocages
6%
j'crache
6%
J'essaye
6%
j'réfléchis
6%
l'tour
6%
m'ennuie
6%
mentent
6%
moment
6%
m'satisfais
6%
occas
6%
pareil
6%
Pourtant
6%
pourtant
6%
présent
6%
présente
6%
profite
6%
prouver
6%
s'crédibiliser
6%
s'inventent
6%
tellement
6%
vies
6%
ville
6%
j'pourrais
0%
Aucun quiz correspondant
Distribution des résultats
% des personnes avec chaque résultat
Percentile par nombre de réponses
Votre historique - résultats
Vous n’avez pas pris ce quiz